Digitálne meny a ich vplyv na ekonomiku štátu bakalárska práca

Uložené v:
Podrobná bibliografia
Hlavný autor: Miženko, Matúš
Korporativný autor: Fakulta medzinárodných vzťahov EU. Katedra medzinárodných ekonomických vzťahov a hospodárskej diplomacie
Ďalší autori: Raneta, Leonid, 1982-
Médium: Kniha
Jazyk:Slovak
Vydavateľské údaje: Bratislava 2024
Tagy: Pridať tag
Žiadne tagy, Buďte prvý, kto otaguje tento záznam!

MARC

LEADER 00000nbm a2200000 4500
001 0301792
005 20250225140037.5
041 0 |a slo 
044 |a SK 
245 1 0 |a Digitálne meny a ich vplyv na ekonomiku štátu  |b bakalárska práca  |c Matúš Miženko ; školiteľ: Leonid Raneta 
264 1 |a Bratislava  |c 2024 
300 |a 49 s. 
100 1 |a Miženko, Matúš 
700 1 |a Raneta, Leonid, 1982- 
710 2 |a Fakulta medzinárodných vzťahov EU. Katedra medzinárodných ekonomických vzťahov a hospodárskej diplomacie